Tratado de Química Analítica Cuantitativa General e Inorgánica
-д хадгалсан:
| Үндсэн зохиолчид: | , |
|---|---|
| Формат: | Ном |
| Хэл сонгох: | испани |
| Хэвлэсэн: |
Buenos Aires
Nigar
1960
|
| Хэвлэл: | 4a. ed |
| Нөхцлүүд: | |
| Шошгууд: |
Шошго нэмэх
Шошго байхгүй, Энэхүү баримтыг шошголох эхний хүн болох!
|
MARC
| LEADER | 00000nam a2200000 a 4500 | ||
|---|---|---|---|
| 001 | UCH3742 | ||
| 003 | CL-VaPUC | ||
| 008 | 090813e19600000AG |||||||||||||||||spa|d | ||
| 082 | 0 | 4 | |a 543 |b KOL |2 21 |
| 100 | |a Kolthoff, I. M |e author |9 601247 | ||
| 700 | 0 | |a Sandell, E. B |e author |9 539217 | |
| 245 | 1 | 0 | |a Tratado de Química Analítica Cuantitativa General e Inorgánica |
| 250 | |a 4a. ed | ||
| 300 | |a 917 p | ||
| 942 | |c BK | ||
| 945 | |d 20090813 00:00:00 |a dcastane | ||
| 260 | |a Buenos Aires |b Nigar |c 1960 | ||
| 650 | 0 | |a Química analítica cuantitativa |9 259571 | |
| 650 | 0 | |a Química analítica |9 259648 | |
| 650 | 0 | |a Propiedades químicas |9 345805 | |
| 650 | 0 | |a Análisis cualitativo |9 346076 | |
| 650 | 0 | |a Reacciones químicas |9 259438 | |
| 650 | 0 | |a Tecnología química |9 263002 | |
| 583 | |a last modification |c 20090813 00:00:00 |k Rodrigo Vera | ||
| 999 | |c 335175 |d 335173 | ||
| 952 | |0 0 |1 0 |4 0 |6 543_000000000000000_KOL_1960 |7 0 |8 A |9 424842 |a BIBCUR |b BIBCUR |d 2019-11-22 |i 4588258 |o 543 KOL 1960 |p 4588258 |r 2025-04-22 |w 2019-11-22 |y BK |k BCB | ||